[Event "Zanic Memorial"]
[Site "Stara Pazova"]
[Date "2001.03.11"]
[Round "3"]
[White "Pap, Misa"]
[Black "Lajthajm, Borko"]
[Result "0-1"]
[WhiteElo "2405"]
[BlackElo "2425"]
[Annotator "Hecht,H"]
[PlyCount "154"]
[EventDate "2001.03.09"]
[EventType "tourn"]
[EventRounds "11"]
[EventCountry "YUG"]
[EventCategory "8"]
[SourceTitle "CBM 082"]
[Source "ChessBase"]
[SourceDate "2001.05.17"]
[SourceVersion "1"]
[SourceVersionDate "2001.05.17"]
[SourceQuality "1"]

1. e4 c5 2. c3 g6 3. d4 cxd4 4. cxd4 d5 5. e5 Nc6 6. Nc3 Nh6 7. Bb5 Bg7 8. Nge2
O-O 9. O-O f6 10. exf6 Rxf6 11. Ba4 Nf7 12. Be3 Na5 13. Bb3 Nxb3 14. Qxb3 e6
15. Rac1 b6 16. Nb5 Bd7 17. a4 g5 18. Rc3 h6 19. Ng3 Bxb5 20. axb5 Nd6 21. Rc6
Rf7 22. Rfc1 Rd7 23. Nh5 Qe8 24. Nxg7 Kxg7 25. Qb4 Rad8 26. b3 Qg6 27. Rc7 Kf6
28. R7c3 Qe8 29. f4 g4 30. f5 Nxf5 31. Bf4 Qf8 32. Qa4 Kg6 33. Rc6 Re8 34. Re1
Qf6 35. Be5 Qg5 36. Qa2 h5 37. Qc2 h4 38. Rc3 Kf7 39. Rf1 Rf8 40. Qe2 Kg8 41.
g3 hxg3 42. hxg3 Rdf7 43. Rf4 Nxg3 44. Rxg3 Rxf4 45. Bxf4 Rxf4 46. Qxe6+ Kg7
47. Qd7+ Kg6 48. Qe8+ Kg7 49. Qd7+ Kh6 50. Qe6+ Qf6 51. Qxf6+ Rxf6 52. Rxg4 Rf3
53. Rh4+ Kg6 54. Rh8 Rxb3 55. Ra8 Kf5 56. Rxa7 Ke4 57. Ra4 Rxb5 58. Kf2 Rb2+
59. Ke1 b5 60. Ra3 b4 61. Rh3 Kxd4 {[#] Saubere Technik bei der Verwertung der
getrennten Freibauern.} 62. Kd1 b3 63. Kc1 Rc2+ 64. Kb1 Kc4 65. Rh8 d4 66. Rc8+
Kd3 67. Rb8 Kc3 68. Rc8+ Kd2 69. Rb8 b2 70. Rh8 d3 71. Rd8 Rc7 72. Rh8 Kc3 73.
Rd8 d2 74. Rd6 Ra7 {Am schnellsten war} (74... d1=Q+ 75. Rxd1 Ra7 {und matt in
7 Zügen}) ({oder} 74... Rc4 75. Rd8 Rd4 76. Rc8+ Kd3 {und matt in wenigen Zügen
}) 75. Rc6+ Kd3 76. Rd6+ Ke2 77. Re6+ Kf3 (77... Kf3 78. Rf6+ Ke4 79. Rd6 d1=Q+
80. Rxd1 Ra1+ $19) 0-1

[Event "YUG-ch 56th"]
[Site "Herceg Novi"]
[Date "2001.04.06"]
[Round "13"]
[White "Savic, Miodrag R"]
[Black "Djukic, Nikola"]
[Result "1/2-1/2"]
[WhiteElo "2443"]
[BlackElo "2389"]
[Annotator "Hecht,H"]
[PlyCount "202"]
[EventDate "2001.03.23"]
[EventType "tourn"]
[EventRounds "15"]
[EventCountry "YUG"]
[EventCategory "10"]
[SourceTitle "CBM 083"]
[Source "ChessBase"]
[SourceDate "2001.07.05"]
[SourceVersion "1"]
[SourceVersionDate "2001.07.05"]
[SourceQuality "1"]

1. e4 c5 2. c3 Nf6 3. e5 Nd5 4. Nf3 Nc6 5. d4 cxd4 6. Bc4 Nb6 7. Bb3 g6 8. cxd4
d5 9. exd6 Qxd6 10. Nc3 Bg7 11. Ne4 Qd8 12. Be3 O-O 13. h3 Na5 14. Bc2 Nac4 15.
Bc1 Bf5 16. O-O Rc8 17. g4 Be6 18. Re1 Bd5 19. Nc3 Bc6 20. a4 Nd5 21. Qe2 Nxc3
22. bxc3 Qd5 23. Be4 Qxe4 24. Qxe4 Bxe4 25. Rxe4 e6 26. Kf1 Rc6 27. Rb1 Nb6 28.
Bd2 Rc7 29. a5 Nc4 30. Bf4 Rd7 31. a6 b6 32. Ke2 Rc8 33. Kd3 Rd5 34. Rb4 Na5
35. Rb1 Nc6 36. Ree1 Rcd8 37. Kc2 b5 38. Be5 b4 39. Bxg7 Kxg7 40. cxb4 Rb5 41.
Kc3 Rc8 42. Kd2 Rcb8 43. Rec1 R8b6 44. Rc5 Nxd4 45. Nxd4 Rxc5 46. bxc5 Rxb1 {
[#] Nach einer Lavierphase mit Stellungsvereinfachung (Bauerntausch) sehen wir
weiter.} 47. c6 Rb8 48. Kd3 Kf8 49. Kc4 Ke7 50. Nb5 Rb6 51. Nxa7 Kd8 52. Kc5
Rxa6 53. Nb5 Ke7 54. g5 Ra2 55. f3 Rg2 56. h4 Rh2 57. Na7 Kd8 58. Kb6 Rb2+ 59.
Nb5 e5 60. Ka5 Rb3 61. Ka6 Rb4 62. Kb6 Ke7 63. Kc5 Rb3 64. Kb6 Rb4 65. Kc5 Rxh4
66. Na7 Rh1 67. Kd5 Rc1 68. Nc8+ Kd8 69. Nd6 Kc7 70. Nxf7 Rxc6 71. Nxe5 {
[#] Hier sollte man meinen, dass sich der Turm durchsetzen wird.} Rd6+ 72. Ke4
Ra6 73. Kd5 Kd8 74. Nc6+ Ke8 75. Ne5 Kf8 76. f4 Ra4 77. Nd3 Ke7 78. Ke5 Ra5+
79. Ke4 Ke6 80. Nb2 Rb5 81. Nd3 Ra5 82. Nb2 Ra2 83. Nd1 Ra4+ 84. Kf3 Rb4 85.
Ne3 Kd6 86. Ng4 Kc5 87. Nf6 Rb7 88. f5 Kd4 89. Kf4 Rb1 90. Nxh7 Rf1+ 91. Kg3 {
[#] Hier allerdings bin ich sicher, dass Schwarz gewinnen muss. Er tur es
nicht, und wir werden Arbeit bekommen...} Rxf5 {Das ist in Ordnung.} ({Wir
prüfen aus Interesse:} 91... gxf5 92. Kg2 Rf4 93. Nf6 Ke5 94. Kg3 (94. Nd7+ Ke6
95. Nc5+ Kf7 $19) 94... Rd4 95. Kf3 f4 96. Nh5 (96. Ng4+ Kf5 97. Nh6+ Kxg5 98.
Nf7+ Kg6 99. Ne5+ Kf5 $19) 96... Rd3+ 97. Ke2 Re3+ 98. Kf2 Kf5 99. g6 Kg5 100.
g7 Re8 $19) 92. Kg4 Ke3 ({Naheliegender war} 92... Ke5 93. Nf6 (93. Kg3 Rf7 94.
Nf6 Kf5 95. Kh4 Kf4 $19) 93... Rf4+ 94. Kg3 Kf5 95. Nh7 Ra4 $19) 93. Nf6 Rf4+
94. Kg3 Rf3+ 95. Kh4 Rf1 96. Nd5+ Ke4 97. Nf6+ Kd4 {Vermutlich lag horrende
Zeitnot vor...} (97... Kf3 $1 $19 {nebst Matt.}) (97... Kf4 98. Kh3 (98. Nd5+
Kf3 $19) 98... Kxg5 $19) 98. Nd7 Kc3 $2 99. Ne5 Rf4+ 100. Kh3 Rf5 101. Nxg6
Rxg5 1/2-1/2

[Event "Vinkovci"]
[Site "Vinkovci"]
[Date "1995.??.??"]
[Round "?"]
[White "Keitlinghaus, Ludger"]
[Black "Rosandic, Denis"]
[Result "1-0"]
[WhiteElo "2495"]
[BlackElo "2385"]
[Annotator "Hecht,H"]
[PlyCount "85"]
[EventDate "1995.04.??"]
[EventType "tourn"]
[EventRounds "11"]
[EventCountry "CRO"]
[EventCategory "9"]
[SourceTitle "CBM 048"]
[Source "ChessBase"]
[SourceDate "1995.10.01"]
[SourceVersion "1"]
[SourceVersionDate "1995.10.01"]
[SourceQuality "1"]

1. e4 c5 2. Nf3 e6 3. c3 Nf6 4. e5 Nd5 5. g3 d6 6. exd6 Bxd6 7. Bg2 O-O 8. O-O
Nc6 9. d4 cxd4 10. Nxd4 Nxd4 11. Qxd4 Qc7 12. Nd2 Bc5 13. Qd3 Bd7 14. Nb3 Be7
15. Qe2 Bf6 16. Rd1 Rac8 17. Bxd5 exd5 18. Bf4 Qc6 19. Qh5 Be6 20. Bg5 Bxg5 21.
Qxg5 Qb6 22. Qd2 Rcd8 23. Nd4 Rfe8 24. Re1 Bd7 25. Kg2 Qg6 26. f3 h6 27. Re2
Qh5 28. Rae1 Rxe2+ 29. Rxe2 Qh3+ 30. Kg1 Qh5 31. Qf4 Rf8 32. Qd6 Bc6 33. Kg2
Qg6 34. Qxg6 fxg6 35. h4 Kf7 36. Kf2 Re8 37. Nxc6 Rxe2+ 38. Kxe2 bxc6 {6-6 P,
schlechte schwarze P-Struktur, Felderschwächen, Raum} 39. Kd3 {[%csl Rc5]} Ke6
(39... c5 40. b4 cxb4 41. cxb4 Ke6 42. Kd4 Kd6 43. b5 $18 {entfernter Freibauer
}) 40. Kd4 Kd6 41. b4 Ke6 42. Kc5 Kd7 43. a4 (43. a4 Kc7 44. b5 cxb5 45. axb5
$18 {xd5}) 1-0

[Event "Dubai op"]
[Site "Dubai"]
[Date "2001.04.22"]
[Round "7"]
[White "Mahjoob, Morteza"]
[Black "Kotsur, Pavel"]
[Result "0-1"]
[WhiteElo "2304"]
[BlackElo "2576"]
[Annotator "Hecht,H"]
[PlyCount "116"]
[EventDate "2001.04.15"]
[EventType "swiss"]
[EventRounds "9"]
[EventCountry "UAE"]
[SourceTitle "CBM 083"]
[Source "ChessBase"]
[SourceDate "2001.07.05"]
[SourceVersion "1"]
[SourceVersionDate "2001.07.05"]
[SourceQuality "1"]

1. e4 c5 2. c3 Nf6 3. e5 Nd5 4. d4 cxd4 5. Nf3 Nc6 6. Bc4 Nb6 7. Bb3 g6 8. cxd4
Bg7 9. O-O O-O 10. Bf4 d6 11. exd6 exd6 12. h3 Na5 13. Nc3 Nxb3 14. Qxb3 Bf5
15. Qb4 Re8 16. Rfe1 Rxe1+ 17. Rxe1 Bf8 18. d5 Rc8 19. Be3 h6 20. a4 Bg7 21.
Rd1 Nc4 22. Bd4 a5 23. Qb3 Bxd4 24. Rxd4 Qb6 25. Qxb6 Nxb6 26. Nb5 Rc1+ 27. Kh2
Nc8 28. b4 axb4 29. Rxb4 b6 30. Nd2 Rc5 31. Ne4 Bxe4 32. Rxe4 {[%cal Ge4e8] [#]
Weiß gibt ohne Not Gegenspielmöglichkeiten auf. Ab Zug 38 Springerendspiel.}
Kf8 33. Rd4 $6 (33. f4 $142 Rxd5 $2 34. Nc7 Rc5 35. Re8+ Kg7 36. Rxc8 Kh7 $16)
33... Ke7 34. f4 $6 (34. g4 g5 (34... Kd7 35. Rf4 $132) 35. Kg3 Kf6 36. f4 $11)
34... Kd7 {[%csl Rd5][%cal Rc8e7]} 35. Rd3 Rc4 {[%csl Ra4,Rf4]} 36. Ra3 Rxf4
$17 37. Rf3 Rxf3 38. gxf3 Ne7 39. Nc3 Nf5 40. f4 Kc7 41. Na2 Kb7 42. Nb4 Nd4
43. Kg3 Ne2+ 44. Kf3 Nc3 45. f5 Nxa4 46. Nc6 Kc7 47. Ne7 Nc3 48. fxg6 fxg6 49.
Nxg6 b5 50. Nf4 b4 51. Kg4 b3 52. Nd3 Nxd5 53. Kf5 Kc6 54. Ke6 Nc3 55. Kf5 Nd1
56. h4 Kd5 57. h5 Kd4 58. Nb2 Ne3+ 0-1

[Event "Ciocaltea Memorial"]
[Site "Bucharest"]
[Date "2002.03.09"]
[Round "6"]
[White "Murariu, Andrei"]
[Black "Manolache, Marius"]
[Result "0-1"]
[WhiteElo "2418"]
[BlackElo "2433"]
[Annotator "Hecht,H"]
[PlyCount "242"]
[EventDate "2002.03.04"]
[EventType "tourn"]
[EventRounds "11"]
[EventCountry "ROU"]
[EventCategory "9"]
[SourceTitle "CBM 088"]
[Source "ChessBase"]
[SourceDate "2002.03.21"]
[SourceVersion "1"]
[SourceVersionDate "2002.03.21"]
[SourceQuality "1"]

1. e4 c5 2. c3 d5 3. exd5 Qxd5 4. d4 Nf6 5. Nf3 Bg4 6. Be2 Nc6 7. h3 Bh5 8. c4
Qd6 9. d5 Bxf3 10. Bxf3 Nd4 11. Nc3 e5 12. O-O Qd7 13. Bg5 Bd6 14. Be4 h6 15.
Bxf6 gxf6 16. Bc2 O-O-O 17. Ne2 Nf3+ 18. Kh1 Kb8 19. Ng3 Nd4 20. Ba4 Qc7 21.
Qd3 Qc8 22. Bc2 h5 23. Nf5 Nxf5 24. Qxf5 Qxf5 25. Bxf5 h4 26. g4 hxg3 27. fxg3
e4 28. Kg2 Be5 29. Bxe4 Bxb2 30. Rab1 Be5 31. Rb3 Rhg8 32. a4 Rde8 33. g4 Bd4
34. Bf3 f5 35. d6 b6 36. a5 fxg4 37. hxg4 f5 38. axb6 a5 39. Bd1 fxg4 40. Ra3
Re6 41. d7 Rxb6 42. Re1 Rb2+ 43. Re2 Rxe2+ 44. Bxe2 Kc7 45. Rxa5 Kxd7 46. Ra3
Be5 47. Re3 Bd6 48. Re4 g3 49. Bg4+ Kc7 50. Bf3 Rh8 51. Re2 Rh4 52. Bd5 Rd4 53.
Ra2 Kd7 54. Re2 Rd3 55. Rc2 Be5 56. Be4 Rd4 57. Bf3 Kd6 58. Kh3 Ke6 59. Kg2 Rh4
60. Bd5+ Kf5 61. Re2 Rd4 62. Kh3 Kf6 63. Kg2 Rh4 64. Kf3 Rh5 65. Kg2 Ke7 66.
Kf3 Kd6 67. Rd2 Kc7 68. Re2 Rg5 69. Kg2 Kb6 70. Kh3 Ka5 71. Kg2 Kb4 72. Re3 Rh5
73. Kf3 Rg5 74. Kg2 Rf5 75. Kh3 Bd6 76. Rd3 Rh5+ 77. Kg2 Rh2+ 78. Kg1 Be5 79.
Kf1 Rf2+ 80. Kg1 Bf4 81. Kh1 Rc2 82. Kg1 Be5 83. Kf1 Rb2 84. Re3 Rf2+ 85. Kg1
Bf4 86. Rd3 Rb2 87. Kf1 Rc2 88. Kg1 Be5 89. Kf1 Rxc4 90. Bxc4 Kxc4 91. Rd2 Bd4
92. Kg2 Bf2 93. Kf3 Kc3 94. Rd8 c4 95. Ke2 Kc2 96. Rc8 c3 97. Rb8 Ba7 98. Rg8
Kb2 99. Rg7 Bd4 100. Rb7+ Ka2 101. Kf3 Be5 102. Rb5 c2 103. Rxe5 c1=Q 104. Kxg3
{Matt in 28 (Tablebase) und der Führer der schwarzen Steine läßt nichts
anbrennen.} Qc7 105. Kf4 Kb3 106. Ke4 Kc4 107. Re6 Qd7 108. Ke5 Qd4+ 109. Kf5
Kd5 110. Re7 Qf2+ 111. Kg6 Kd6 112. Re8 Qf4 113. Kg7 Qg5+ 114. Kf7 Kd7 115. Rg8
Qf5+ 116. Kg7 Ke7 117. Kh6 Qf4+ (117... Kf7 $2 118. Rf8+ $11) 118. Kh7 Qh4+
119. Kg7 Qh5 120. Rh8 (120. Ra8 Qg4+ 121. Kh6 Qh3+ 122. Kg5 Qg2+ {mit
Turmgewinn}) 120... Qf7+ (120... Qg5+ $144 121. Kh7 Kf7 $18) 121. Kh6 Kf6 0-1

[Event "Bundesliga 0001"]
[Site "Germany"]
[Date "2001.03.10"]
[Round "10.7"]
[White "Seger, Ruediger"]
[Black "Agdestein, Simen"]
[Result "0-1"]
[WhiteElo "2399"]
[BlackElo "2590"]
[Annotator "Hecht,H"]
[PlyCount "92"]
[EventDate "2000.10.14"]
[EventType "team-tourn"]
[EventRounds "15"]
[EventCountry "GER"]
[SourceTitle "CBM 082"]
[Source "ChessBase"]
[SourceDate "2001.05.17"]
[SourceVersion "1"]
[SourceVersionDate "2001.05.17"]
[SourceQuality "1"]
[WhiteTeam "Godesberg"]
[BlackTeam "Luebeck"]
[WhiteTeamCountry "GER"]
[BlackTeamCountry "GER"]

1. e4 c5 2. c3 e6 3. d4 d5 4. exd5 exd5 5. Be3 c4 6. b3 cxb3 7. axb3 Nc6 8. Bd3
Nge7 9. Ne2 g6 10. O-O Bg7 11. Nd2 Bf5 12. Nf3 O-O 13. Re1 Bxd3 14. Qxd3 Nf5
15. Bf4 Re8 16. Qb5 Qd7 17. Ng3 a6 18. Qd3 Nxg3 19. Bxg3 Rxe1+ 20. Rxe1 Re8 21.
Rd1 h6 22. Kf1 g5 23. Ne5 Bxe5 24. dxe5 Qe6 25. Qxd5 Rd8 26. Qxe6 Rxd1+ 27. Ke2
fxe6 28. Kxd1 Kf7 29. h3 Kg6 30. f4 Kf5 31. fxg5 hxg5 32. Ke2 Ke4 33. b4 Nxe5
34. Bxe5 Kxe5 {[#] Beiderseits laufen entfernte Freibauern Spielmotive: Durch
mehrere Linien voneinander getrennt marschierende Freibauern, Quadratregel,
Tempospiel} 35. g3 b6 36. c4 a5 37. c5 (37. bxa5 $1 bxa5 38. h4 gxh4 39. gxh4
a4 40. Kd2 a3 41. Kc2 a2 42. Kb2 Kf4 43. c5 $18) 37... axb4 $2 (37... a4 $1 38.
Kd2 (38. cxb6 $2 Kd6 39. Kd2 e5 40. h4 gxh4 41. gxh4 e4 42. b7 Kc7 43. h5 e3+
44. Kxe3 a3 45. h6 a2 46. h7 a1=Q $19 {mit Kontrolle von h8}) 38... bxc5 (38...
Kd5 39. cxb6 {[%cal Rb6b7]} Kc6 40. h4 gxh4 41. gxh4 a3 42. Kc2 e5 43. h5 a2
44. Kb2 e4 45. h6 e3 46. h7 e2 47. h8=Q a1=Q+ 48. Kxa1 e1=Q+ 49. Ka2 Qxb4 $11)
39. bxc5 Kd5 40. h4 gxh4 41. gxh4 a3 42. Kc2 e5 43. h5 e4 44. h6 a2 45. Kb2 e3
46. h7 e2 47. h8=Q e1=Q $11) 38. cxb6 Kd6 39. h4 b3 40. Kd3 {Alternativen:} (
40. Kd2 e5 41. hxg5 $2 {würde nur zum Remis verderben.} (41. Kc3 $1 $18 {
wie gehabt}) 41... e4 42. b7 Kc7 43. g6 e3+ 44. Kxe3 b2 45. b8=Q+ Kxb8 46. g7
b1=Q 47. g8=Q+ Kc7 $11) (40. Kd1 $1 e5 41. b7 Kc7 42. hxg5 {hier ausreichend}
e4 43. g6 b2 (43... e3 44. g7 e2+ 45. Kxe2 b2 46. b8=Q+ Kxb8 47. g8=Q+ $18) 44.
Kc2 e3 45. g7 e2 46. b8=Q+ Kxb8 47. g8=Q+ $18) 40... e5 41. hxg5 $4 {[%mdl
28672]} (41. Kc3 $1 e4 42. Kxb3 e3 43. Kc3 $18) (41. b7 Kc7 42. Kc3 $18 {
mit dem gleichen Effekt.}) 41... e4+ {Mit diesem Schach gewinnt Schwarz das
entscheidene Tempo, mit dem das Endspiel vollständig kippt.} 42. Kc3 e3 43. b7
Kc7 44. b8=Q+ Kxb8 45. g6 e2 46. Kd2 b2 (46... b2 47. g7 e1=Q+ 48. Kxe1 b1=Q+
$19) 0-1

[Event "Golombek Memorial"]
[Site "Paignton"]
[Date "2000.09.09"]
[Round "7"]
[White "Van der Weide, Karel"]
[Black "Turner, Matthew"]
[Result "0-1"]
[WhiteElo "2467"]
[BlackElo "2491"]
[Annotator "Hecht,H"]
[PlyCount "108"]
[EventDate "2000.09.03"]
[EventType "tourn"]
[EventRounds "11"]
[EventCountry "ENG"]
[EventCategory "11"]
[SourceTitle "CBM 079"]
[Source "ChessBase"]
[SourceDate "2000.11.21"]
[SourceVersion "1"]
[SourceVersionDate "2000.11.21"]
[SourceQuality "1"]

1. e4 c5 2. Nf3 g6 3. c3 d5 4. exd5 Qxd5 5. d4 Bg7 6. Be3 cxd4 7. cxd4 Nf6 8.
Nc3 Qa5 9. Bc4 O-O 10. O-O Bg4 11. h3 Bxf3 12. Qxf3 Nc6 13. a3 e5 14. d5 Nd4
15. Qd1 Rac8 16. Ba2 Rxc3 17. bxc3 Qxc3 18. d6 Rd8 19. Qa4 Qc6 20. Qxa7 Ne4 21.
Rac1 Ne2+ 22. Kh2 Nxc1 23. Rxc1 Nc3 24. Rxc3 Qxc3 25. Qxb7 e4 26. Qxf7+ Kh8 27.
Be6 Be5+ 28. Bf4 e3 29. fxe3 Qxe3 30. Qf6+ Bxf6 31. Bxe3 Rxd6 32. Bc4 Rc6 33.
Bd5 Rc3 34. Bf4 Rxa3 35. Bf3 h5 36. Bd6 Rd3 37. Bg3 h4 38. Bf4 g5 39. Bc7 Rc3
40. Bd6 Bd4 41. Bg4 Rc2 42. Bf5 Ra2 43. Bg4 Kg7 44. Bf5 Kf6 45. Bg4 Rc2 46. Bd7
Bf2 47. Bg4 Rc1 48. g3 Bxg3+ 49. Bxg3 Rc2+ 50. Kg1 hxg3 {[#]} 51. Bf3 Ke5 52.
Bb7 Kf4 53. Bd5 g2 $1 54. Kh2 g1=Q+ (54... g4 55. hxg4 (55. h4 g1=Q+ 56. Kxg1
Kg3 {wie in der Partie}) (55. Bxg2 g3+ (55... gxh3 $2 56. Kxh3 $11 {wegen} Rc3+
57. Kh2 Kg4 58. Bd5 Rc2+ 59. Kg1 Kg3 60. Kf1) 56. Kg1 Rc1+ 57. Bf1 Kf3 58. h4
g2 $19) 55... Kxg4 56. Bb7 (56. Bxg2 Rf2 57. Kg1 Kg3 58. Bd5 Rd2 59. Bc4 Rc2
60. Bd3 Rc1+ 61. Bf1 Re1 62. Kh1 Rxf1#) 56... Rf2 57. Be4 g1=Q+ 58. Kxg1 Kg3
59. Bg6 Rf8 60. Bh5 Rf6 61. Be2 Rc6 62. Kf1 Rc1+) (54... g1=Q+ 55. Kxg1 Kg3 {
und der h-Bauer fällt.}) 0-1

[Event "BCF-ch 89th"]
[Site "Torquay"]
[Date "2002.08.08"]
[Round "10"]
[White "Hanley, Craig"]
[Black "Ward, Christopher"]
[Result "0-1"]
[WhiteElo "2331"]
[BlackElo "2498"]
[Annotator "Hecht,H"]
[PlyCount "104"]
[EventDate "2002.07.29"]
[EventType "swiss"]
[EventRounds "11"]
[EventCountry "ENG"]
[SourceTitle "CBM 091"]
[Source "ChessBase"]
[SourceDate "2002.11.12"]
[SourceVersion "1"]
[SourceVersionDate "2002.11.12"]
[SourceQuality "1"]

1. e4 c5 2. c3 Nf6 3. e5 Nd5 4. Nf3 e6 5. d4 cxd4 6. cxd4 d6 7. Bc4 Nb6 8. Bd3
dxe5 9. Nxe5 Nc6 10. Qf3 Nxe5 11. dxe5 Nd7 12. O-O Nxe5 13. Bb5+ Bd7 14. Qxb7
Qc8 15. Bxd7+ Nxd7 16. Qxc8+ Rxc8 17. Nc3 Bb4 18. Bd2 Nb6 19. Rfc1 Ke7 20. a3
Bxc3 21. Bxc3 f6 22. Bd4 Rhd8 23. Bc5+ Kf7 24. b4 Rc7 25. a4 Rdc8 26. Rd1 Nd5
27. a5 a6 28. Rd4 Rb7 29. Rad1 Rcb8 30. g3 Rb5 31. h4 h5 32. Rxd5 exd5 33. Rxd5
{[#] Mattangriff mit den Doppeltürmen} Kg6 34. Kg2 Ra8 35. Kf3 Rbb8 36. Ke4
Re8+ 37. Kd3 Re1 38. Rd6 Kf5 39. Kc4 Ke5 40. Rd5+ Ke4 41. Rxh5 Rc1+ 42. Kb3 Rd8
43. Be3 Rd3+ 44. Kb2 Rc4 45. Bc5 Rd2+ 46. Kb3 Rdc2 {[%cal Rc4c3,Rc2a2] Die
erste Angriffswelle wird abgewehrt...} 47. f3+ Kxf3 48. Bd4 Ke4 49. Bb2 Rc7 50.
Rh7 Rf2 51. b5 Rf3+ 52. Kb4 (52. Ka2 Rf5 53. bxa6 Rxa5+ 54. Kb1 Rxa6 $19) 52...
Kd5 {...doch die zweite führt zu durchschlagendem Erfolg.} (52... Kd5 53. bxa6
Rc4+ 54. Kb5 Rb3#) 0-1

[Event "FIDE-Wch k.o."]
[Site "Groningen"]
[Date "1997.12.19"]
[Round "4.3"]
[White "Adams, Michael"]
[Black "Svidler, Peter"]
[Result "0-1"]
[WhiteElo "2680"]
[BlackElo "2660"]
[Annotator "Hecht,H"]
[PlyCount "172"]
[EventDate "1997.12.09"]
[EventType "k.o."]
[EventRounds "7"]
[EventCountry "NED"]
[SourceTitle "CBM 063"]
[Source "ChessBase"]
[SourceDate "1998.03.26"]
[SourceVersion "1"]
[SourceVersionDate "1998.03.26"]
[SourceQuality "1"]

1. e4 c5 2. c3 Nf6 3. e5 Nd5 4. Nf3 Nc6 5. Bc4 Nb6 6. Bb3 c4 7. Bc2 Qc7 8. Qe2
g5 9. e6 dxe6 10. Nxg5 Qe5 11. d4 cxd3 12. Bxd3 Qxe2+ 13. Bxe2 h6 14. Ne4 e5
15. Na3 Bf5 16. Ng3 Bg6 17. Nc4 Nd5 18. O-O O-O-O 19. Re1 h5 20. h4 e6 21. Bf3
f6 22. a4 Kc7 23. a5 Bd3 24. Ra4 Bc5 25. Be4 Bxe4 26. Nxe4 Be7 27. Bd2 Rhg8 28.
b4 a6 29. Rb1 f5 30. Ng5 Bxg5 31. hxg5 f4 32. b5 axb5 33. Rxb5 Rxg5 34. a6 b6
35. Kf1 Rdg8 36. g3 h4 37. a7 Ra8 38. gxf4 Rgg8 39. Nxe5 h3 40. Nf3 Nxa7 41.
Rb1 Nc6 42. Rxa8 Rxa8 43. Ng5 Ra2 44. Rd1 Na5 45. Nxh3 Nc4 46. Ke1 Kc6 47. Ng5
Nb2 48. Rb1 Nd3+ 49. Kd1 Nxf2+ 50. Ke1 Nd3+ 51. Kd1 N5xf4 52. Bxf4 Nxf4 {
[#] In diesem Endspiel mit geringem Bauernmaterial steht Schwarz aufgrund des
Mehrbauern etwas besser. Man spürt bei dem Ablauf des Endspiels förmlich den
Zeitdruck, der auf den Spielern lastet. Schwqarz vergibt ein klares Remis im
64. Zug.} 53. Rb4 Nd5 54. Rc4+ Kd6 55. Kc1 Re2 56. Ne4+ Ke5 57. Nd2 Kf5 58. Rc8
Kf4 59. Rf8+ Kg4 60. Kc2 e5 61. c4 Nf4 62. Kd1 Rg2 63. Rb8 Nd3 64. Rg8+ $2 (64.
Rxb6 $11) 64... Kh3 65. Rh8+ Kg3 66. Rg8+ Kf2 67. Ne4+ Kg1 68. Rb8 Nb2+ 69. Ke1
Nxc4 70. Rc8 b5 71. Rc5 Rg4 72. Nf2 Rg3 73. Nd1 Rb3 74. Ke2 Kg2 75. Rc8 Kg3 76.
Rf8 Ra3 77. Nf2 Re3+ 78. Kd1 b4 79. Nh1+ Kg2 80. Nf2 b3 81. Ng4 b2 82. Rb8 Re4
83. Nf6 Rf4 84. Nh5 Rf1+ 85. Ke2 b1=Q 86. Rg8+ Kh2 0-1

[Event "RUS-ch"]
[Site "Elista"]
[Date "1995.??.??"]
[Round "7"]
[White "Sveshnikov, Evgeny"]
[Black "Filippov, Valerij"]
[Result "1/2-1/2"]
[WhiteElo "2580"]
[BlackElo "2510"]
[Annotator "Hecht,H"]
[PlyCount "176"]
[EventDate "1995.10.??"]
[EventType "swiss"]
[EventRounds "11"]
[EventCountry "RUS"]
[SourceTitle "CBM 050"]
[Source "ChessBase"]
[SourceDate "1996.02.01"]
[SourceVersion "1"]
[SourceVersionDate "1996.02.01"]
[SourceQuality "1"]

1. e4 c5 2. c3 Nf6 3. e5 Nd5 4. Nf3 Nc6 5. Bc4 Nb6 6. Bb3 d5 7. exd6 Qxd6 8.
Na3 Be6 9. O-O Bxb3 10. axb3 e6 11. Nc4 Qd8 12. d4 cxd4 13. Nxd4 Nxd4 14. Nxb6
Qxb6 15. Be3 Rd8 16. Bxd4 Bc5 17. Bxc5 Qxc5 18. b4 Qc6 19. Qg4 O-O 20. Rxa7 Rd2
21. Qf3 Qxf3 22. gxf3 Rb8 23. Rfa1 Kf8 24. Ra8 Rdd8 25. Rxb8 Rxb8 {T - T
Motive: a) verbundene Freibauern vs Einzelfreibauer        b) b+h und wT vor
h-Bauer; Remis durch seitlichen Angriff} 26. Kf1 Ke7 27. Ke2 Kd6 28. c4 Kc6 29.
Kd3 Rd8+ 30. Kc3 e5 31. b5+ Kc7 32. Re1 f6 33. f4 (33. c5 Rd4 $14) 33... exf4
34. c5 Rd5 35. Re7+ Kd8 36. Kc4 Rd2 37. Rxb7 Rxf2 38. Rxg7 $5 (38. c6 $5 {
Analyse!} f3 (38... Kc8 39. Rxg7 $18) 39. Rd7+ Ke8 (39... Kc8 40. b6 $18) 40.
b6 Rc2+ 41. Kb5 f2 42. Rd1 $18) 38... f3 39. Rf7 Rxb2 40. Rxf6 f2 41. b6 Ke7
42. Rf3 Kd7 43. Kc3 Rb5 44. Rxf2 Rxc5+ 45. Kb4 Rc1 46. Kb5 Kc8 47. Rf8+ Kb7 48.
Rf7+ Kb8 49. Rxh7 Rb1+ 50. Kc5 Rc1+ 51. Kd4 Rc6 52. b7 (52. h4 Rxb6 53. Kc5 Ra6
$10 (53... Rb1 $10)) 52... Ra6 53. h4 Ra4+ 54. Kc5 Rf4 55. Kc6 Rc4+ 56. Kd6
Rd4+ 57. Ke6 Ra4 58. h5 Ra5 59. Kf6 Rc5 60. Ke6 Rb5 61. Kd6 Rf5 62. Ke7 Re5+
63. Kf8 Rf5+ 64. Kg7 Rc5 65. h6 Rc7+ 66. Kg6 Rc6+ 67. Kf5 Rc5+ 68. Ke6 Rc6+ 69.
Ke5 Rb6 70. Kf4 Rc6 71. Kf5 Rc5+ 72. Ke4 Rc6 73. Kf4 Rc4+ 74. Kf5 Rc5+ 75. Kf6
Rc6+ 76. Ke5 Rb6 77. Kf5 Rc6 78. Kg5 Rc5+ 79. Kg6 Rc6+ 80. Kg7 Rc7+ 81. Kh8 Rc6
82. Kg8 Rg6+ 83. Kf8 Rc6 84. Ke8 Rb6 85. Rh8 Kxb7 86. Kd7 Rf6 87. Rh7 Kb8 88.
Ke7 Rc6 (88... Rc6 89. Ke8 Re6+ 90. Kd7 Rg6 91. Rh8+ Kb7 92. h7 Rh6 $8 93. Ke7
Rh1 $10) 1/2-1/2